LEADER 01159nam 22003613 450 001 9910873281403321 005 20241212213452.0 010 $a9781665490092 010 $a1665490098 035 $a(IEEE)9951326 035 $a(CKB)25493128200041 035 $a(EXLCZ)9925493128200041 100 $a20221201d2022 uy 0 101 0 $aeng 135 $aur||||||||||| 181 $ctxt$2rdacontent 182 $cc$2rdamedia 183 $acr$2rdacarrier 200 10$a"2022 International Conference on 3D Immersion, Interaction and Multi-sensory Experiences ICDIIME 2022 $e27-29 June 2022, Madrid, Spain : proceedings /$fKrzysztof Pietroszek 210 1$aPiscataway, NJ :$cIEEE,$d2022. 210 4$d©2022 215 $a1 online resource 606 $aAugmented reality$vCongresses 615 0$aAugmented reality 676 $a006.8 700 $aPietroszek$b Krzysztof$01588555 801 0$bMiAaPQ 801 1$bMiAaPQ 801 2$bMiAaPQ 906 $aPROCEEDING 912 $a9910873281403321 996 $a"2022 International Conference on 3D Immersion, Interaction and Multi-sensory Experiences ICDIIME 2022$93880017 997 $aUNINA LEADER 01823nam0 22004693i 450 001 RMG0148461 005 20251003044338.0 010 $a8814125066 100 $a20230117d2006 ||||0itac50 ba 101 | $aita 102 $ait 181 1$6z01$ai $bxxxe 182 1$6z01$an 183 1$6z01$anc$2RDAcarrier 200 1 $aInadempimento e mora del debitore$fGiovanna Visintini 205 $a2. ed 210 $aMilano$cGiuffrè$d2006 215 $aXIV, 545 p.$d25 cm. 225 | $aˆIl ‰Codice civile.$i Commentario 312 $atit. sul dorso: Artt. 1218-1222.$9CFI0051310 410 0$1001CFI0051308$12001 $aˆIl ‰Codice civile.$i Commentario 517 1 $aArtt. 1218-1222.$9CFI0051310 606 $aObbligazioni pecuniarie$xInadempimento$2FIR$3CFIC016778$9E 606 $aMora del debitore$2FIR$3CFIC016779$9I 676 $a346.077$9DIRITTO COMMERCIALE. DEBITORE E CREDITORE$v21 676 $a346.45$9DIRITTO PRIVATO. ITALIA$v12 676 $a346.45022$9CONTRATTI. PRINCIPI GENERALI. ITALIA$v21 676 $a346.45077$9DIRITTO COMMERCIALE. DEBITORE E CREDITORE. ITALIA$v19 676 $a346.45077$9DIRITTO COMMERCIALE. DEBITORE E CREDITORE. ITALIA$v21 696 $aInadempienza 696 $aMora debendi 699 $aInadempimento$zInadempienza 699 $aMora del debitore$yMora debendi 700 1$aVisintini$b, Giovanna$3CFIV032871$4070$0437375 801 3$aIT$bIT-000000$c20230117 850 $aIT-BN0095 $aIT-NA0070 901 $bNAP 01$cCOM $n$ 912 $aRMG0148461 950 0$aBiblioteca Centralizzata di Ateneo$d 01COM (C) 346.45 COM SCH$e 01C 0800201795 VMA 1 v.$fB $h20130618$i20130618 977 $a 01$a BU 996 $aInadempimento e mora del debitore$962100 997 $aUNISANNIO